000 00250 a2200085 4500
082 _a620.13621 AST
245 _aAnnual Book of ASTM Standards 2004 /
_cASTM
260 _aUSA :
_cAmerican Society for Testing and Materials,
_b2004
300 _avolumes :
_bill. ;
_c27cm
650 _aASTM
999 _c1918
_d1918